Culture is Rutan / (Record no. 21680)
[ view plain ]
| 000 -LEADER | |
|---|---|
| fixed length control field | 004340000a22001690004500 |
| 001 - CONTROL NUMBER | |
| control field | 021680 |
| 008 - FIXED-LENGTH DATA ELEMENTS--GENERAL INFORMATION | |
| fixed length control field | 140412t xxu||||| |||| 00| 0 eng d |
| 020 ## - INTERNATIONAL STANDARD BOOK NUMBER | |
| International Standard Book Number | 9966 49 821 4 |
| 082 ## - DEWEY DECIMAL CLASSIFICATION NUMBER | |
| Classification number | 306 LIY |
| 090 ## - LOCALLY ASSIGNED LC-TYPE CALL NUMBER (OCLC); LOCAL CALL NUMBER (RLIN) | |
| -- | 21680 |
| -- | 21680 |
| 100 ## - MAIN ENTRY--PERSONAL NAME | |
| Personal name | Liyong, Taban Lo |
| 9 (RLIN) | 41599 |
| 245 ## - TITLE STATEMENT | |
| Title | Culture is Rutan / |
| Statement of responsibility, etc. | Taban Lo Liyong |
| 260 ## - PUBLICATION, DISTRIBUTION, ETC. | |
| Place of publication, distribution, etc. | Nairobi : |
| Date of publication, distribution, etc. | 1991 |
| Name of publisher, distributor, etc. | Longman |
| 300 ## - PHYSICAL DESCRIPTION | |
| Extent | 242 p. : |
| Dimensions | 21 cm. |
| 650 ## - SUBJECT ADDED ENTRY--TOPICAL TERM | |
| Topical term or geographic name entry element | Culture |
| 9 (RLIN) | 5405 |
| 942 ## - ADDED ENTRY ELEMENTS (KOHA) | |
| Koha item type | Book |
| Source of classification or shelving scheme | Dewey Decimal Classification |
| Withdrawn status | Lost status | Source of classification or shelving scheme | Damaged status | Not for loan | Home library | Current library | Date acquired | Total Checkouts | Full call number | Barcode | Date last seen | Price effective from | Koha item type |
|---|---|---|---|---|---|---|---|---|---|---|---|---|---|
| Dewey Decimal Classification | Archbishop Kiwanuka Memorial Library | Archbishop Kiwanuka Memorial Library | 20/06/2008 | 306 LIY | 21680 | 20/06/2008 | 20/06/2008 | Book |